000 00484nam a22001697a 4500
005 20250311215344.0
008 250311b |||||||| |||| 00| 0 eng d
020 _a9780256091786
050 _aKF889
_b.K59 1994
100 _aKlayman, Elliot I.
245 _aIrwin's Business Law : Concepts Analysis, Perspectives
_cKlayman, Elliot I.
260 _aBoston ;
_bIrwin
_cc1994
300 _axxv, 1362 p, ;
500 _aIncludes index
700 _aBagby, John W.
942 _2lcc
_cBK
_n0
999 _c4699
_d4699